000
00384nam a2200133Ia 4500
008
151001s9999||||xx |||||||||||||| ||und||
100
_a
संजीव श्रीवास्तव
245
_a
शिक्षात्मक प्रसंग
250
_a
1
260
_b
आर्यन प्रकाशन
260
_c
2005
300
_a
143
365
_b
21
999
_c
985854
_d
985851